[Event "Warsaw YMCA Spring 121st"]
[Site "Warsaw"]
[Date "2013.04.10"]
[Round "1"]
[White "Moskwinski, Marek"]
[Black "Skwarek, Hubert"]
[Result "1-0"]
[WhiteElo "1772"]
[BlackElo "1644"]
[PlyCount "79"]
[EventDate "2013.04.10"]
[EventType "tourn"]
[EventRounds "11"]
[EventCountry "POL"]
[SourceTitle "EXT 2014"]
[Source "ChessBase"]
[SourceDate "2013.11.20"]
[SourceVersion "1"]
[SourceVersionDate "2013.11.20"]
[SourceQuality "1"]

1. e4 d5 2. exd5 Qxd5 3. Nc3 Qa5 4. d4 Nf6 5. Nf3 c6 6. Bc4 Bf5 7. 0-0 e6 8. Re1 Nbd7 9. d5 cxd5 10. Nxd5 Nxd5 11. Bxd5 Qc7 12. Nd4 0-0-0 13. Nxf5 Nb6 14. Bxb7+ Qxb7 15. Nd4 Bc5 16. c3 Rd5 17. Qg4 Bxd4 18. cxd4 f5 19. Qe2 Rxd4 20. Qxe6+ Qd7 21. Qxd7+ Rxd7 22. Bf4 Kb7 23. Rad1 Rhd8 24. Rxd7+ Rxd7 25. g3 Nd5 26. Be3 Nb4 27. a3 Nd3 28. Rd1 a5 29. Kf1 Kc6 30. b3 Rd5 31. Ke2 Ne5 32. Rxd5 Kxd5 33. Bd2 Nc6 34. Bc3 g6 35. Ke3 Kc5 36. Kf4 Nd4 37. Bxd4+ Kxd4 38. Kg5 Kc3 39. b4 a4 40. b5 1-0

[Event "Warsaw YMCA Spring-D 104th"]
[Site "Warsaw"]
[Date "2012.06.05"]
[Round "9"]
[White "Skwarek, Hubert"]
[Black "Wrabel, Antoni"]
[Result "0-1"]
[WhiteElo "1631"]
[BlackElo "1713"]
[PlyCount "54"]
[EventDate "2012.04.10"]
[EventType "tourn"]
[EventRounds "11"]
[EventCountry "POL"]
[SourceTitle "EXT 2013"]
[Source "ChessBase"]
[SourceDate "2012.11.22"]
[SourceVersion "1"]
[SourceVersionDate "2012.11.22"]
[SourceQuality "1"]

1. c4 e5 2. Nc3 Nc6 3. Nf3 d6 4. d4 exd4 5. Nxd4 Nxd4 6. Qxd4 Nf6 7. Bg5 Be7 8. e4 0-0 9. f4 h6 10. Bh4 c6 11. Be2 Qa5 12. e5 dxe5 13. Qxe5 Qxe5 14. fxe5 Nd5 15. cxd5 Bxh4+ 16. g3 Bd8 17. dxc6 bxc6 18. Bf3 Rb8 19. 0-0-0 Bg5+ 20. Kb1 Bf5+ 21. Be4 Bxe4+ 22. Nxe4 Rb5 23. h4 Be7 24. e6 fxe6 25. Rd7 Ba3 26. b3 a5 27. Nd6 Rd5 0-1

[Event "Warsaw YMCA Spring-D 104th"]
[Site "Warsaw"]
[Date "2012.05.15"]
[Round "6"]
[White "Sokur, Ivan"]
[Black "Skwarek, Hubert"]
[Result "1-0"]
[WhiteElo "1456"]
[BlackElo "1631"]
[PlyCount "49"]
[EventDate "2012.04.10"]
[EventType "tourn"]
[EventRounds "11"]
[EventCountry "POL"]
[SourceTitle "EXT 2013"]
[Source "ChessBase"]
[SourceDate "2012.11.22"]
[SourceVersion "1"]
[SourceVersionDate "2012.11.22"]
[SourceQuality "1"]

1. d4 d5 2. c4 c6 3. Nc3 Nf6 4. Nf3 dxc4 5. e3 Bf5 6. Bxc4 e6 7. 0-0 Nbd7 8. Bd3 Bxd3 9. Qxd3 Bb4 10. a3 Ba5 11. b4 Bc7 12. e4 0-0 13. Bg5 h6 14. Bh4 Qb8 15. e5 Nd5 16. Nxd5 cxd5 17. Qe3 Bd8 18. Rfc1 g5 19. Nxg5 hxg5 20. Bxg5 Re8 21. Rc3 f6 22. exf6 Nxf6 23. Bf4 e5 24. Qg3+ Kf7 25. Bxe5 1-0

[Event "Warsaw YMCA Spring-D 104th"]
[Site "Warsaw"]
[Date "2012.05.11"]
[Round "8"]
[White "Bartczak, Hanna"]
[Black "Skwarek, Hubert"]
[Result "0-1"]
[WhiteElo "1645"]
[BlackElo "1631"]
[PlyCount "112"]
[EventDate "2012.04.10"]
[EventType "tourn"]
[EventRounds "11"]
[EventCountry "POL"]
[SourceTitle "EXT 2013"]
[Source "ChessBase"]
[SourceDate "2012.11.22"]
[SourceVersion "1"]
[SourceVersionDate "2012.11.22"]
[SourceQuality "1"]

1. d4 c5 2. e3 cxd4 3. exd4 Nf6 4. Nf3 d5 5. Bd3 Bg4 6. Be3 e6 7. Nbd2 Bd6 8. c3 Nbd7 9. Qc2 a6 10. 0-0 0-0 11. Ng5 h6 12. Nh7 Nxh7 13. Bxh7+ Kh8 14. h3 f5 15. hxg4 Kxh7 16. Nf3 Kg8 17. g5 f4 18. Qg6 Qe8 19. Qxe8 Raxe8 20. Bd2 h5 21. Rfe1 Rf5 22. Re2 e5 23. dxe5 Nxe5 24. Nxe5 Rexe5 25. Rxe5 Bxe5 26. Rd1 Rxg5 27. Be1 f3 28. g3 Bf6 29. Kh2 Re5 30. Kh3 g5 31. g4 h4 32. c4 d4 33. Bb4 Re2 34. Bc5 d3 35. Rxd3 Bxb2 36. Rxf3 Bc1 37. Rc3 Bf4 38. a3 Re1 39. Kg2 Rb1 40. Bd4 Kf7 41. c5 Ke6 42. c6 bxc6 43. Be3 Bxe3 44. Rxe3+ Kd6 45. Kf3 a5 46. Ke4 Rb5 47. Rd3+ Ke6 48. f4 gxf4 49. Kxf4 a4 50. g5 Rb3 51. Rd2 Rxa3 52. Re2+ Kf7 53. g6+ Kg7 54. Re7+ Kxg6 55. Re6+ Kf7 56. Rxc6 Rb3 0-1

[Event "Mazowiec-chT op 1112"]
[Site "Poland"]
[Date "2012.02.26"]
[Round "9.38"]
[White "Skwarek, Hubert"]
[Black "Sawicki, Wojciech"]
[Result "0-1"]
[WhiteElo "1631"]
[BlackElo "1769"]
[PlyCount "92"]
[EventDate "2012.01.08"]
[EventType "team-swiss"]
[EventRounds "10"]
[EventCountry "POL"]
[SourceTitle "EXT 2019"]
[Source "ChessBase"]
[SourceDate "2018.10.10"]
[SourceVersion "1"]
[SourceVersionDate "2018.10.10"]
[SourceQuality "1"]

1. d4 Nf6 2. Nf3 g6 3. g3 Bg7 4. Bg2 0-0 5. 0-0 d6 6. Re1 Nbd7 7. e4 e5 8. c3 Re8 9. Nbd2 c6 10. Qb3 h6 11. a4 a5 12. Nh4 Nb6 13. dxe5 dxe5 14. Nf1 Be6 15. Qc2 Nfd7 16. Be3 Nc4 17. Bc1 b5 18. axb5 cxb5 19. f4 exf4 20. Nf3 fxg3 21. hxg3 Nde5 22. Nxe5 Nxe5 23. Be3 Ng4 24. Rad1 Nxe3 25. Nxe3 Qg5 26. Nd5 Bxd5 27. exd5 Rxe1+ 28. Rxe1 Qxg3 29. Qf2 Qd6 30. Qe2 Qc5+ 31. Kh1 Rf8 32. Qe7 Qf2 33. Re2 Qf5 34. d6 Bf6 35. Qe3 Bg5 36. Qf3 Qxf3 37. Bxf3 Rd8 38. Bc6 Rxd6 39. Bxb5 Rd1+ 40. Kg2 Rd2 41. Kf3 Rxe2 42. Kxe2 f5 43. b4 axb4 44. cxb4 Be7 45. Bc4+ Kg7 46. b5 Bc5 0-1

[Event "Mazowiec-chT 1112"]
[Site "Poland"]
[Date "2012.02.19"]
[Round "8.4"]
[White "Krasiewicz, Robert"]
[Black "Skwarek, Hubert"]
[Result "1-0"]
[WhiteElo "2042"]
[BlackElo "1631"]
[PlyCount "43"]
[EventDate "2012.01.08"]
[EventType "team-tourn"]
[EventRounds "10"]
[EventCountry "POL"]
[SourceTitle "EXT 2019"]
[Source "ChessBase"]
[SourceDate "2018.10.10"]
[SourceVersion "1"]
[SourceVersionDate "2018.10.10"]
[SourceQuality "1"]

1. d4 d5 2. c4 e6 3. Nf3 Nf6 4. e3 c5 5. Nc3 cxd4 6. exd4 dxc4 7. Bxc4 Bb4 8. 0-0 0-0 9. Bg5 Be7 10. Qe2 Nbd7 11. Rfe1 Nb6 12. Bb3 Nfd5 13. Bxe7 Nxe7 14. Ne4 Ned5 15. Ne5 h6 16. Rac1 Nf6 17. Rc3 Nbd5 18. Rg3 Nxe4 19. Qxe4 Nf6 20. Qh4 Qa5 21. Ree3 Kh8 22. Rxg7 1-0

[Event "POL-chT3 Mazowiecki"]
[Site "Warsaw"]
[Date "2011.03.06"]
[Round "7.36"]
[White "Skwarek, Hubert"]
[Black "Liberadzki, Slawomir"]
[Result "0-1"]
[WhiteElo "1633"]
[BlackElo "2013"]
[PlyCount "112"]
[EventDate "2011.01.09"]
[EventType "team-tourn"]
[EventRounds "10"]
[EventCountry "POL"]
[SourceTitle "EXT 2015"]
[Source "ChessBase"]
[SourceDate "2014.11.20"]
[SourceVersion "1"]
[SourceVersionDate "2014.11.20"]
[SourceQuality "1"]
[WhiteTeam "Otwock UKS MDK II"]
[BlackTeam "Warszawa KU AZS UW w III"]
[WhiteTeamCountry "POL"]
[BlackTeamCountry "POL"]

1. e4 c5 2. Nf3 Nc6 3. Bb5 e6 4. Bxc6 bxc6 5. c4 d6 6. 0-0 e5 7. h3 Nf6 8. d3 Be7 9. Bg5 0-0 10. Nc3 Ne8 11. Bxe7 Qxe7 12. Qa4 Qb7 13. Rab1 a5 14. Nd2 g5 15. Qd1 Ng7 16. Re1 f6 17. Nf1 Ne6 18. h4 gxh4 19. Qg4+ Qg7 20. Qxh4 Nf4 21. Qg3 Rf7 22. Qxg7+ Rxg7 23. Ng3 Bg4 24. Re3 Kf7 25. Nh1 h5 26. f3 Bxf3 27. Rxf3 Rxg2+ 28. Kf1 Rag8 29. Ke1 Rg1+ 30. Rf1 Nxd3+ 31. Kd2 Rxf1 32. Rxf1 Nxb2 33. Rf2 Rg1 34. Rh2 Nxc4+ 35. Kd3 Na3 36. Rxh5 c4+ 37. Kd2 Nb1+ 38. Kc2 Na3+ 39. Kb2 Nb5 40. Rh2 Nxc3 41. Kxc3 d5 42. Nf2 Rg3+ 43. Kc2 d4 44. Nd1 c5 45. Rh7+ Kg6 46. Rd7 Rg2+ 47. Kc1 Rxa2 48. Kb1 Re2 49. Rd5 Rxe4 50. Rxc5 c3 51. Rxa5 Re1 52. Kc1 d3 53. Ra1 c2 54. Kd2 Rxd1+ 55. Rxd1 cxd1Q+ 56. Kxd1 e4 0-1